000 007060000a22002050004500
090 _aAR
_b04078
245 1 0 _aPreferential nectar robbing of flowers with long corollas
_sexperimental studies of two hummingbird species visiting three plant species
650 1 4 _aPolinización
_994027
650 1 4 _aRelación planta-animal
_992861
650 1 4 _aProducción de semillas
_978884
650 1 4 _aColibrís
_997916
651 4 _dVeracruz
_pMéxico
_992749
653 _gColibri
_eColibri thalassinus
653 _gLampornis
_eLampornis amethystinus
041 0 _aInglés
700 1 _aOrnelas, Francisco
_921421
100 1 _aLara, Carlos
_997914
942 _cARTICULO
773 1 _tOecologia
_q263-273
_d2001
_g128
999 _c13110
_d13110